Biblia de Jerusalén

Na minha lista:
Detalhes bibliográficos
Formato: Livro
Idioma:espanhol
Publicado em: Bilbao Desclée De Brouwer 2009
Edição:4a. ed
Assuntos:
Tags: Adicionar Tag
Sem tags, seja o primeiro a adicionar uma tag!

MARC

LEADER 00000cam a2200000 a 4500
001 UCG3909
003 CL-VaPUC
008 100923e20090000SP |||||||||||||||||spa|d
020 |a 9788433023223 
082 0 4 |a 220  |b BIB  |2 21 
245 1 0 |a Biblia de Jerusalén 
250 |a 4a. ed 
300 |a 1891 p 
942 |c BK 
945 |d 20100923 00:00:00  |a mfarfan 
260 |a Bilbao  |b Desclée De Brouwer  |c 2009 
650 0 |a Biblia  |9 257603 
650 7 |a LIBROS SAGRADOS  |2 CL-VaPUC  |9 553219 
583 |a last modification  |c 20170308 06:32:57  |k Rodrigo Vera 
999 |c 342854  |d 342852 
952 |0 0  |1 0  |4 0  |6 220_000000000000000_BIB_2009  |7 0  |8 A  |9 439459  |a BIBTEO  |b BIBTEO  |d 2019-11-22  |i 4721837  |l 4  |o 220 BIB 2009  |p 4721837  |r 2025-01-17  |s 2024-12-12  |w 2019-11-22  |y BK  |k ICR 
952 |0 0  |1 0  |4 0  |6 220_000000000000000_BIB_2009  |7 0  |8 A  |9 439460  |a BIBTEO  |b BIBTEO  |d 2019-11-22  |i 4721845  |l 13  |o 220 BIB 2009  |p 4721845  |r 2025-01-17  |s 2024-12-12  |w 2019-11-22  |y BK  |k ICR 
952 |0 0  |1 0  |4 0  |6 220_000000000000000_BIB_2009  |7 0  |8 A  |9 439461  |a BIBTEO  |b BIBTEO  |d 2019-11-22  |i 4721853  |l 14  |m 9  |o 220 BIB 2009  |p 4721853  |r 2025-01-17  |s 2024-12-12  |w 2019-11-22  |y BK  |k ICR 
952 |0 0  |1 0  |4 0  |6 220_000000000000000_BIB_2009  |7 0  |8 A  |9 439462  |a BIBTEO  |b BIBTEO  |d 2019-11-22  |i 472187K  |l 19  |m 9  |o 220 BIB 2009  |p 472187K  |r 2025-01-17  |s 2024-12-12  |w 2019-11-22  |y BK  |k ICR 
952 |0 0  |1 0  |4 0  |6 220_000000000000000_BIB_2009  |7 0  |8 A  |9 439463  |a BIBTEO  |b BIBTEO  |d 2019-11-22  |i 4721888  |l 9  |m 3  |o 220 BIB 2009  |p 4721888  |r 2025-01-17  |s 2024-12-12  |w 2019-11-22  |y BK  |k ICR